Statistiken für Lieder an Bildern erkennen

Klicken Sie hier um das Quiz zu spielen!

Allgemein

  • Dieses Quiz wurde 3.705 mal gespielt
  • Das Durchschnittsergebnis liegt bei 11 aus 16

Antwortstatistiken

Antwort% Korrekt
Astronaut
95%
Leuchtturm
89%
Autobahn
87%
Roller
87%
Lena
85%
Katzeklo
81%
Moskau
80%
Cello
76%
Aber bitte mit Sahne
75%
Blaue Augen
62%
Vincent
60%
Carbonara
53%
Über den Wolken
52%
Denkmal
43%
Der blaue Planet
26%
Küss die Hand schöne Frau
26%

Verteilung der Resultate

Perzentil nach korrekt beantworteten Fragen

Anzahl Personen mit jedem Resultat

Ihre Resultats-Entwicklung

Sie haben dieses Quiz noch nicht gespielt